Air dalam kubang Sang Buaya

Bibliographic Details
Main Author: Borhan Samin
Format: Book
Published: Selangor : Anugerah Publications , 2006
Series:Pengajaran dari alam haiwan
Subjects:

MARC

LEADER 00000cam a2200000 7i4500
001 0000000497
005 20151222.0
008 070702
020 |a 9833567096(set) 
020 |a 983356710X 
090 0 0 |a JF   |b NH MAL (548) 
100 0 |a Borhan Samin 
245 1 0 |a Air dalam kubang Sang Buaya   |c Borhan Samin 
260 |a Selangor :   |b Anugerah Publications ,   |c 2006 
440 |a Pengajaran dari alam haiwan 
500 |a Children ages 7-9 years old (orange) 
650 0 |a Malay language   |x Readers   |x Animals 
999 |a 0000959503   |b Book   |c Children Collection   |e Cawangan Bukit Gambir 
999 |a 0000959504   |b Book   |c Children Collection   |e Cawangan Tangkak 
999 |a 0000959505   |b Book   |c Children Collection   |e Cawangan Taman Universiti 
999 |a 0000977289   |b Book   |c Children Collection   |e Cawangan Taman Universiti 
999 |a 0000977290   |b Book   |c Children Collection   |e Cawangan Muar 
999 |a 0000977291   |b Book   |c Children Collection   |e Cawangan Bandar Penawar 
999 |a 0000977292   |b Book   |c Children Collection   |e Perbadanan Perpustakaan Awam Johor 
999 |a 0000977293   |b Book   |c Children Collection   |e Perbadanan Perpustakaan Awam Johor